Normal view
MARC view
- Administration
Entry Geographic Name
001 - CONTROL NUMBER
- control field: 217161
003 - CONTROL NUMBER IDENTIFIER
- control field: OSt
005 - DATE AND TIME OF LATEST TRANSACTION
- control field: 20260313140236.0
008 - FIXED-LENGTH DATA ELEMENTS
- fixed length control field: 260313|| aca||aabn | a|a d
040 ## - CATALOGING SOURCE
- Original cataloging agency: OSt
- Transcribing agency: OSt
151 ## - HEADING--GEOGRAPHIC NAME
- Geographic name: Administration
670 ## - SOURCE DATA FOUND
- Source citation: Work cat.: (OSt)370729: Vati, Jogindra 217159, Principles and Practice of Nursing Management Leadership for BSc Nursing, 2026